Los 4 Municipios españoles más grandes por letra contenida - Estadísticas

Estadísticas generales
  • Esta prueba ha sido intentada 27 veces
  • La puntuación promedio es 24 de 43
Estadísticas de respuestas
Respuesta % Correcto
Barcelona
100%
Bilbao
100%
Madrid
100%
Sevilla
100%
Valencia
96%
Valencia
96%
Zaragoza
96%
Alicante
92%
Málaga
92%
Palma de Mallorca
92%
Valladolid
92%
Córdoba
85%
Hospitalet de Llobregat
85%
Huelva
85%
La Coruña
85%
Elche
81%
Gijón
81%
Murcia
81%
Santa Cruz de Tenerife
81%
Badajoz
77%
Vigo
77%
Las Palmas de Gran Canaria
73%
Jerez de la Frontera
69%
Vitoria
69%
Pamplona
62%
Getafe
54%
Alcalá de Henares
35%
Fuenlabrada
35%
Wamba
23%
Torrejón de Ardoz
19%
Tarrasa
15%
Roquetas de Mar
12%
Alcoy
8%
San Roque
8%
Torrox
8%
Arganda del Rey
4%
Azuqueca de Henares
4%
San Sebastián de los Reyes
4%
Antequera
0%
Moncada y Reixach
0%
San Felíu de Guixols
0%
Vall de Uxó
0%
Villanueva y Geltrú
0%
No se encontraron pruebas coincidentes
Distribución de puntuación
Porcentaje de gente con cada puntuación
Porcentaje por número respondido
Historial de tus puntuaciones
No has intentado esta prueba.